Rappeurs francophones par photos #4 - Statistiques

Statistiques générales
  • Ce quiz a été pris 8 420 fois
    6 076 depuis la dernière actualisation
  • Le résultat moyen est 11 sur 20
Statistiques - réponses
Par images Réponse % Correct
Bigflo et Oli
96%
Shay
90%
Moha La Squale
81%
Rk
80%
Lomepal
79%
Freeze Corleone
74%
Leto
70%
L'Algerino
68%
Luv Resval
68%
Médine
54%
Hornet La Frappe
44%
Zamdane
44%
Kofs
43%
Oboy
37%
Sneazzy
36%
Akhenaton
35%
Zed
34%
La Fève
32%
Hayce Lemsi
24%
Nessbeal
24%
Aucun quiz correspondant
Distribution des résultats
% des personnes avec chaque résultat
Percentile par nombre de réponses
Votre historique - résultats
Vous n’avez pas pris ce quiz depuis la dernière actualisation